000 00487nam a22001697a 4500
003 NUST
005 20260216154730.0
008 260216b ||||| |||| 00| 0 eng d
020 _a978-1632920362
082 _a333.9516
_bPAT
100 _a Dorothy Hinshaw Patent, William Munoz.
_9133252
245 _aBiodiversity /
_c Dorothy Hinshaw Patent, William Munoz.
260 _aNew York:
_bGoodreads Press,
_c2016.
300 _a109 p ;
_c34.8 cm
563 _aHardcover
942 _2ddc
_cBK
999 _c616214
_d616214